| 000 -CABECERA |
| Longitud fija campo de control |
00479nam a22001697a 4500 |
| 003 - IDENTIFICADOR DEL NÚMERO DE CONTROL |
| Identificador del número de control |
OSt |
| 005 - FECHA Y HORA DE LA ÚLTIMA TRANSACCIÓN |
| Fecha y hora de la última transacción |
20130619105247.0 |
| 008 - CÓDIGOS DE INFORMACIÓN DE LONGITUD FIJA |
| Códigos de información de longitud fija |
130619s1999 sp ||||| |||| 00| 0bspa d |
| 020 ## - NÚMERO INTERNACIONAL NORMALIZADO PARA LIBROS |
| Número Internacional Normalizado para Libros (ISBN) |
8477651698 |
| 040 ## - FUENTE DE LA CATALOGACIÓN |
| Centro transcriptor |
CDMR |
| 100 1# - PUNTO DE ACCESO PRINCIPAL-NOMBRE DE PERSONA |
| 9 (RLIN) |
3834 |
| Nombre de persona |
Bosworth, Patricia |
| 245 10 - MENCIÓN DE TÍTULO |
| Título |
Diane Arbus |
| Resto del título |
: una biografía |
| Mención de responsabilidad, etc. |
Patricia Bosworth ; traducción de Beatriz López-Buisán |
| 260 ## - PUBLICACIÓN, DISTRIBUCIÓN, ETC. (PIE DE IMPRENTA) |
| Lugar de publicación, distribución, etc. |
Barcelona |
| Nombre del editor, distribuidor, etc. |
Circe |
| Fecha de publicación, distribución, etc. |
1999 |
| 300 ## - DESCRIPCIÓN FÍSICA |
| Extensión |
352 p. |
| 600 1# - PUNTO DE ACCESO ADICIONAL DE MATERIA - NOMBRE DE PERSONA |
| 9 (RLIN) |
3833 |
| Nombre de persona |
Arbus, Diane |
| Fechas asociadas al nombre |
1923-1971 |
| 942 ## - ENTRADA DE ELEMENTOS AGREGADOS (KOHA) |
| Fuente de clasificaión o esquema |
|
| Koha [por defecto] tipo de item |
Monografies |